书目信息 |
| 题名: |
现代分子光化学
|
|
| 作者: | 图罗 , 拉马穆尔蒂 , 斯卡约诺 著 ;吴骊珠 , 佟振合 译 | |
| 分册: | 2 反应篇 | |
| 出版信息: | 北京 化学工业出版社 2015.09 |
|
| 页数: | 477页 | |
| 开本: | 25cm | |
| 丛书名: | ||
| 单 册: | ||
| 中图分类: | O644.1 | |
| 科图分类: | ||
| 主题词: | 分子--光化学 | |
| 电子资源: | ||
| ISBN: | 978-7-122-21784-4 | |
| 000 | 01364nam0 2200325 450 | |
| 001 | 0120151667941 | |
| 005 | 20170418155229.28 | |
| 010 | @a978-7-122-21784-4@b精装@dCNY148.00 | |
| 100 | @a20151010d2015 em y0chiy50 ea | |
| 101 | 1 | @achi@ceng |
| 102 | @aCN@b110000 | |
| 105 | @aak z 000yy | |
| 106 | @ar | |
| 200 | 1 | @a现代分子光化学@9xian dai fen zi guang hua xue@h2@i反应篇@f(美)N. J.图罗(Nicholas J. Turro),(美)V.拉马穆尔蒂(V. Ramamurthy),(加)J. C.斯卡约诺(J. C. Scaiano)著@g吴骊珠,佟振合等译 |
| 210 | @a北京@c化学工业出版社@d2015.09 | |
| 215 | @a477页@c图@d25cm | |
| 305 | @a由University Science Books授权出版 | |
| 312 | @a封面英文题名:Modern molecular photochemistry of organic molecules 2 | |
| 330 | @a本书基于有机光反应基本原理,对有机光化学反应及其机制进行了深入探讨,涵盖了各类典型的有机分子氧、酮、烯酮、芳香族化合物等。 | |
| 333 | @a现代分子光化学研究者 | |
| 510 | 1 | @aModern molecular photochemistry of organic molecules@h2@zeng |
| 606 | 0 | @a分子@x光化学 |
| 690 | @aO644.1@v5 | |
| 701 | 0 | @c(美)@a图罗@9tu luo@c(Turro, Nicholas J.)@4著 |
| 701 | 0 | @c(美)@a拉马穆尔蒂@9la ma mu er di@c(Ramamurthy, V.)@4著 |
| 701 | 0 | @c(加)@a斯卡约诺@9si ka yue nuo@c(Scaiano, J.C.)@4著 |
| 702 | 0 | @a吴骊珠@9wu li zhu@4译 |
| 702 | 0 | @a佟振合@9tong zhen he@4译 |
| 801 | 0 | @aCN@b人天书店@c20151010 |
| 905 | @b987339-41@dO644.1@e14:2@f3 | |
| 现代分子光化学.2.反应篇/(美)N. J.图罗(Nicholas J. Turro),(美)V.拉马穆尔蒂(V. Ramamurthy),(加)J. C.斯卡约诺(J. C. Scaiano)著/吴骊珠,佟振合等译.-北京:化学工业出版社,2015.09 |
| 477页:图;25cm |
| 使用对象:现代分子光化学研究者 |
| ISBN 978-7-122-21784-4(精装):CNY148.00 |
| 本书基于有机光反应基本原理,对有机光化学反应及其机制进行了深入探讨,涵盖了各类典型的有机分子氧、酮、烯酮、芳香族化合物等。 |
| ● |
| 相关链接 |
|
|
|
|
正题名:现代分子光化学
索取号:O644.1/14:2
 
预约/预借
| 序号 | 登录号 | 条形码 | 馆藏地/架位号 | 状态 | 备注 |
| 1 | 987339 | 209873396 | 第二样本阅览室/ [索取号:O644.1/14:2] | 在馆 | |
| 2 | 987340 | 209873403 | 第三借阅区/ [索取号:O644.1/14:2] | 在馆 | |
| 3 | 987341 | 209873412 | 密集书库-化学系/ [索取号:O644.1/14:2] | 在馆 |